Nombres en catalán, español e inglés - Estadísticas

Estadísticas generales
  • Esta prueba ha sido intentada 506 veces
  • La puntuación promedio es 39 de 54
Estadísticas de respuestas
Hint Respuesta % Correcto
Antoni Antonio
98%
Carles Carlos
98%
Marc Marcos
98%
Felip Felipe
97%
Maria María
97%
Lluís Luis
96%
Guillem Guillermo
95%
Josep José
95%
Joan Juan
95%
Llúcia Lucía
95%
Tomàs Thomas
95%
Nicolau Nicolás
94%
Andreu Andrés
93%
Enric Enrique
93%
Miquel Miguel
93%
Tomàs Tomás
93%
Carles Charles
91%
Antoni Anthony
86%
Esteve Esteban
86%
Pau Pablo
86%
Maria Mary
85%
Felip Philip
85%
Ferran Fernando
84%
Pere Pedro
83%
Andreu Andrew
82%
Jordi Jorge
81%
Miquel Michael
80%
Joan John
76%
Marc Mark
74%
Josep Joseph
73%
Guillem William
73%
Jordi George
69%
Elisabet Isabel
69%
Nicolau Nicholas
68%
Pau Paul
68%
Elionor Leonor
66%
Llúcia Lucy
66%
Enric Henry
64%
Pere Peter
62%
Esteve Stephen
62%
Elisabet Elizabeth
57%
Lluc Lucas
57%
Roser Rosario
54%
Agnès Agnes
50%
Roser Rosary
49%
Dídac Diego
43%
Arnau Arnaldo
40%
Lluc Luke
38%
Lluís Lewis
37%
Ferran Ferdinand
35%
Agnès Inés
32%
Arnau Arnold
30%
Elionor Eleanor
30%
Dídac James
12%
No se encontraron pruebas coincidentes
Distribución de puntuación
Porcentaje de gente con cada puntuación
Porcentaje por número respondido
Historial de tus puntuaciones
No has intentado esta prueba.